Statistics for ASV štati - US States in Latvian

Click here to take the quiz!

General Stats

  • This quiz has been taken 3 times
  • The average score is 18 of 50

Answers on the Map

Answers color-coded by a green-red scale on the quiz's map according to % correct below.
 

Answer Stats

State% Correct
Aļaska
100%
Florida
100%
Kolorādo
100%
Minesota
100%
Aidaho
67%
Arizona
67%
Indiāna
67%
Jūta
67%
Kalifornija
67%
Montāna
67%
Nebraska
67%
Nevada
67%
Oklahoma
67%
Oregona
67%
Teksasa
67%
Vašingtona
67%
Vērmonta
67%
Alabama
33%
Ārkanzasa
33%
Dienviddakota
33%
Dienvidkarolīna
33%
Ilinoisa
33%
Kanzasa
33%
Kentuki
33%
Luiziāna
33%
Masačūsetsa
33%
Meina
33%
Pensilvānija
33%
Rietumvirdžīnija
33%
Tenesī
33%
Virdžīnija
33%
Viskonsina
33%
Ziemeļdakota
33%
Ziemeļkarolīna
33%
Aiova
0%
Delavēra
0%
Džordžija
0%
Havajas
0%
Konektikuta
0%
Mērilanda
0%
Mičigana
0%
Misisipi
0%
Misūri
0%
Ņūdžersija
0%
Ņūhempšīra
0%
Ņujorka
0%
Ņūmeksika
0%
Ohaio
0%
Rodailenda
0%
Vaiominga
0%

Score Distribution

Percentile by Number Answered

Percent of People with Each Score

Your Score History

You have not taken this quiz